| 000 | 00541nam a2200169Ia 4500 | ||
|---|---|---|---|
| 003 | GCL | ||
| 008 | 140319s9999 xx 000 0 ara d | ||
| 040 |
_aGCL / _cGCL |
||
| 082 | 0 | 4 |
_aق _b962.052 _bم م |
| 100 | 1 | _aمصطفى امين | |
| 245 | 1 | 0 |
_aمن عشرة لعشرين / _cمصطفى امين |
| 300 | _a441 ص | ||
| 490 |
_aالهيئة العامة للاستعلامات _v0 |
||
| 650 | 0 | 4 | _aالملك احمد فؤاد (1923 - 1936) |
| 650 | 0 | 4 | _aمصر - تاريخ - العصر الحديث (1805 - 1956 ) |
| 942 |
_2ddc _cBK |
||
| 999 |
_c49529 _d49529 |
||